[Event "2nd GMA World Cup prel  #3"]
[Site "Palma de Mallorca"]
[Date "1989.??.??"]
[Round "8"]
[White "Averbakh, Yury"]
[Black "Erenska-Radzewska, Hanna"]
[Result "1/2-1/2"]
[WhiteElo "2470"]
[BlackElo "2265"]
[EventDate "1989.12.??"]
[PlyCount "128"]

1.c4 f5 2.d4 Nf6 3.Nf3 g6 4.b3 Bg7 5.Bb2 d6 6.Nbd2 O-O 7.g3 e5 8.dxe5 Ng4 
9.Qc2 Nxe5 10.Bg2 Nbc6 11.O-O Bd7 12.Rad1 Qe7 13.Nb1 Rae8 14.Nxe5 Bxe5 15.
e3 Rd8 16.Rfe1 Qg7 17.Bc3 Rfe8 18.f4 Bf6 19.Bxf6 Qxf6 20.Qc3 Qg7 21.Qxg7+ 
Kxg7 22.Nc3 Nb4 23.Bxb7 Nc2 24.Re2 Nxe3 25.Rde1 Nc2 26.Rxe8 Rxe8 27.Rxe8 
Bxe8 28.Bf3 c6 29.Kf2 Kf7 30.Bg2 Ke7 31.Ke2 Kd7 32.Kd2 Nd4 33.b4 Ke7 34.
Kd3 Ne6 35.a3 a6 36.Bf3 Bd7 37.Bd1 Nd8 38.c5 a5 39.Na4 axb4 40.axb4 Be6 
41.cxd6+ Kxd6 42.Nc5 Bd5 43.Kd4 h6 44.Be2 Bg2 45.Bc4 g5 46.Bd3 gxf4 47.
gxf4 Bh3 48.Bc4 Bg2 49.Bb3 Bf3 50.Ba2 Bg2 51.Bc4 Bf3 52.Bg8 Bg2 53.Bb3 Bf3
54.Bc2 Bg4 55.Bb1 Bh3 56.Ke3 Ne6 57.Nxe6 Kxe6 58.Kf2 Bg4 59.Ba2+ Kd6 60.
Kg2 Bh5 61.Bb1 Bg6 62.h4 Kd5 63.h5 Bxh5 64.Bxf5 Kc4 1/2-1/2

[Event "2nd GMA World Cup prel  #3"]
[Site "Palma de Mallorca"]
[Date "1989.??.??"]
[Round "8"]
[White "Prins, Lodewijk"]
[Black "Donaldson-Akhmilovskaya, Elena"]
[Result "0-1"]
[WhiteElo "2245"]
[BlackElo "2430"]
[EventDate "1989.12.??"]
[PlyCount "116"]

1.e4 e5 2.Nf3 Nc6 3.Bb5 a6 4.Ba4 Nf6 5.d3 d6 6.c4 Be7 7.Nc3 O-O 8.h3 Nd7 
9.d4 exd4 10.Nxd4 Nxd4 11.Qxd4 Bf6 12.Qe3 b5 13.cxb5 Nb6 14.Bb3 axb5 15.
Nd5 Nxd5 16.Bxd5 Ra6 17.O-O Qe7 18.Qd3 c6 19.Bb3 c5 20.Bd5 c4 21.Qc2 Be6 
22.Rd1 Rc8 23.Bd2 Bxd5 24.exd5 Qb7 25.Bb4 Be5 26.a3 Raa8 27.Qd2 Qe7 28.f4 
Bf6 29.Re1 Qa7+ 30.Kh2 Qd4 31.Re2 Qxd2 32.Rxd2 c3 33.bxc3 Bxc3 34.Bxc3 
Rxc3 35.Rb1 Rc5 36.Rdb2 Rxd5 37.Rxb5 Rxb5 38.Rxb5 Kf8 39.Rb3 Ke7 40.g4 Ra7
41.Re3+ Kd7 42.Kg3 d5 43.f5 Kd6 44.Kf4 d4 45.Re8 Kd5 46.Rd8+ Kc4 47.Rc8+ 
Kd3 48.g5 Kd2 49.f6 gxf6 50.gxf6 d3 51.Re8 Ra4+ 52.Kg5 Kc3 53.Re1 d2 54.
Rd1 Kc2 55.Rxd2+ Kxd2 56.Kh6 Rh4+ 57.Kg7 Rxh3 58.Kxf7 Rxa3 0-1

[Event "2nd GMA World Cup prel  #3"]
[Site "Palma de Mallorca"]
[Date "1989.??.??"]
[Round "8"]
[White "Spiridonov, Nikola"]
[Black "Ballester Sanz, Joaquin"]
[Result "1-0"]
[WhiteElo "2400"]
[BlackElo "2250"]
[EventDate "1989.12.??"]
[PlyCount "123"]

1.Nf3 d5 2.c4 c6 3.b3 Bg4 4.e3 Nf6 5.h3 Bh5 6.Ba3 Bxf3 7.Qxf3 g6 8.Qd1 Bg7
9.Bb2 O-O 10.Be2 Re8 11.O-O e5 12.d3 Nbd7 13.Nd2 Qe7 14.Qc2 Rad8 15.Rfe1 
Nf8 16.a3 N8d7 17.Rac1 e4 18.cxd5 exd3 19.Bxd3 Nxd5 20.Nf3 Bxb2 21.Qxb2 
Ne5 22.Be2 Nxf3+ 23.Bxf3 Qf6 24.Qxf6 Nxf6 25.Red1 Kf8 26.Kf1 Ke7 27.Ke2 
Rxd1 28.Rxd1 Rd8 29.Rxd8 Kxd8 30.e4 Ke7 31.Ke3 Nd7 32.Bd1 Kd6 33.f4 f6 34.
h4 h6 35.g3 a5 36.Kd4 b5 37.b4 axb4 38.axb4 Nb8 39.e5+ fxe5+ 40.fxe5+ Ke7 
41.Bf3 Kd7 42.Be4 g5 43.Bf5+ Ke7 44.hxg5 hxg5 45.Kc5 Na6+ 46.Kxc6 Nxb4+ 
47.Kxb5 Nd5 48.Kc5 Nc7 49.Kd4 Kf7 50.Ke4 Ne8 51.Kf3 Kg7 52.Kg4 Kh6 53.Bb1 
Ng7 54.Be4 Ne6 55.Kf5 Ng7+ 56.Kf6 Nh5+ 57.Kf7 Nxg3 58.Bg6 Ne2 59.e6 Nc3 
60.e7 Nb5 61.Ke6 Nc7+ 62.Kd6 1-0

[Event "2nd GMA World Cup prel  #3"]
[Site "Palma de Mallorca"]
[Date "1989.??.??"]
[Round "8"]
[White "Westerinen, Heikki"]
[Black "Muresan-Juncu, Margareta"]
[Result "1-0"]
[WhiteElo "2435"]
[BlackElo "2215"]
[EventDate "1989.12.??"]
[PlyCount "67"]

1.e4 c6 2.d4 d5 3.e5 Bf5 4.Nc3 e6 5.g4 Bg6 6.Nge2 c5 7.h4 f6 8.Nf4 Bf7 9.
exf6 gxf6 10.Qe2 Qe7 11.dxc5 Nc6 12.Nb5 O-O-O 13.Nd6+ Rxd6 14.cxd6 Qxd6 
15.c3 e5 16.Nh5 Nge7 17.Bh3 Kb8 18.Qf3 Ng6 19.Qxf6 Qxf6 20.Nxf6 Nxh4 21.
Nd7+ Kc7 22.Nxf8 Rxf8 23.Bh6 Re8 24.O-O-O Bg6 25.Bf1 Nf3 26.Be2 e4 27.Rxd5
Re7 28.Bf4+ Kc8 29.Rhd1 Rf7 30.Bg3 a6 31.b4 Re7 32.a4 Bf7 33.Rc5 Bb3 34.
Rxc6+ 1-0

[Event "2nd GMA World Cup prel  #3"]
[Site "Palma de Mallorca"]
[Date "1989.??.??"]
[Round "8"]
[White "Izeta Txabarri, Felix"]
[Black "Polihroniade, Elisabeta"]
[Result "1-0"]
[WhiteElo "2340"]
[BlackElo "2170"]
[EventDate "1989.12.??"]
[PlyCount "95"]

1.d4 Nf6 2.Nf3 e6 3.c4 c5 4.Nc3 cxd4 5.Nxd4 Bb4 6.g3 O-O 7.Bg2 d5 8.O-O e5
9.Nc2 Bxc3 10.bxc3 dxc4 11.Ba3 Re8 12.Qxd8 Rxd8 13.Rfd1 Re8 14.Ne3 Nc6 15.
Nxc4 e4 16.Nd6 Re5 17.c4 Bg4 18.Bb2 Re6 19.f3 exf3 20.exf3 Bh5 21.Kf2 Rd8 
22.c5 b6 23.Bh3 Re7 24.Nc8 Ree8 25.Bxf6 gxf6 26.cxb6 axb6 27.Nxb6 Nd4 28.
g4 Re2+ 29.Kg3 Bg6 30.a4 Rb2 31.a5 Ne2+ 32.Kh4 Rxd1 33.Rxd1 Ra2 34.Bf1 Nc3
35.Rd8+ Kg7 36.a6 Rxh2+ 37.Kg3 Ra2 38.Rd7 Na4 39.Nxa4 Rxa4 40.a7 Ra3 41.
Kf4 f5 42.Bb5 fxg4 43.Bc6 Bf5 44.Kxf5 gxf3 45.a8=Q f2 46.Rxf7+ Kxf7 47.
Qe8+ Kg7 48.Qe7+ 1-0

[Event "2nd GMA World Cup prel  #3"]
[Site "Palma de Mallorca"]
[Date "1989.??.??"]
[Round "8"]
[White "Denker, Arnold"]
[Black "Vreeken, Corry"]
[Result "1/2-1/2"]
[WhiteElo "2320"]
[BlackElo "2180"]
[EventDate "1989.12.??"]
[PlyCount "25"]

1.d4 Nf6 2.Nf3 g6 3.g3 c6 4.c4 Bg7 5.Bg2 d5 6.cxd5 cxd5 7.O-O O-O 8.Nc3 
Nc6 9.Bg5 Ne4 10.Bf4 Nxc3 11.bxc3 Qa5 12.Nd2 Bf5 13.e4 1/2-1/2

[Event "2nd GMA World Cup prel  #3"]
[Site "Palma de Mallorca"]
[Date "1989.??.??"]
[Round "8"]
[White "Voiska, Margarita"]
[Black "Zatulovskaya, Tatiana"]
[Result "1/2-1/2"]
[WhiteElo "2335"]
[BlackElo "2120"]
[EventDate "1989.12.??"]
[PlyCount "32"]

1.Nf3 f5 2.d4 Nf6 3.c4 e6 4.Nc3 d5 5.Bf4 c6 6.e3 Be7 7.h3 Nbd7 8.Bd3 Ne4 
9.O-O O-O 10.Rc1 Ndf6 11.Ne5 Bd7 12.f3 Nxc3 13.Rxc3 Be8 14.Bh2 c5 15.Qb3 
Kh8 16.Rcc1 b5 1/2-1/2

[Event "2nd GMA World Cup prel  #3"]
[Site "Palma de Mallorca"]
[Date "1989.??.??"]
[Round "9"]
[White "Gurevich, Mikhail"]
[Black "Gelfand, Boris"]
[Result "1/2-1/2"]
[WhiteElo "2640"]
[BlackElo "2590"]
[EventDate "1989.12.??"]
[PlyCount "71"]

1.f4 d5 2.Nf3 g6 3.g3 Bg7 4.Bg2 Nh6 5.O-O c5 6.e3 Nc6 7.d3 O-O 8.c3 b6 9.
Qa4 Qd7 10.e4 dxe4 11.dxe4 Nd4 12.Qxd7 Nxf3+ 13.Bxf3 Bxd7 14.e5 Rad8 15.a4
f6 16.exf6 exf6 17.a5 Rfe8 18.axb6 axb6 19.Rd1 Bg4 20.Rxd8 Rxd8 21.Ra8 
Rxa8 22.Bxa8 Bd7 23.Na3 b5 24.Bd5+ Kh8 25.Be3 Bf8 26.Kg2 Ng4 27.Bg1 f5 28.
Bb7 h6 29.Nb1 g5 30.h3 Nf6 31.fxg5 hxg5 32.Nd2 Be6 33.Bc6 b4 34.c4 g4 35.
hxg4 Nxg4 36.b3 1/2-1/2

[Event "2nd GMA World Cup prel  #3"]
[Site "Palma de Mallorca"]
[Date "1989.??.??"]
[Round "9"]
[White "Sokolov, Ivan"]
[Black "Georgiev, Kiril"]
[Result "1-0"]
[WhiteElo "2525"]
[BlackElo "2590"]
[EventDate "1989.12.??"]
[PlyCount "53"]

1.d4 Nf6 2.Nf3 e6 3.Bg5 c5 4.e3 Qb6 5.Nbd2 Qxb2 6.Bd3 Nc6 7.O-O d5 8.Bxf6 
gxf6 9.c4 Nb4 10.Be2 Qa3 11.e4 dxe4 12.Nxe4 Be7 13.Qd2 Bd7 14.Qf4 O-O-O 
15.Nxf6 cxd4 16.Nxd4 Bc6 17.Nb5 Qa5 18.Ne4 Bxe4 19.Qxf7 Rd7 20.Qxe6 Bc6 
21.Bg4 h5 22.Bh3 Bd8 23.Rad1 Rh7 24.a3 Nc2 25.Qg6 Re7 26.Qxc2 a6 27.Na7+ 
1-0

[Event "2nd GMA World Cup prel  #3"]
[Site "Palma de Mallorca"]
[Date "1989.??.??"]
[Round "9"]
[White "Arnason, Jon"]
[Black "Petursson, Margeir"]
[Result "1-0"]
[WhiteElo "2520"]
[BlackElo "2590"]
[EventDate "1989.12.??"]
[PlyCount "57"]

1.e4 c5 2.Nf3 d6 3.d4 cxd4 4.Nxd4 Nf6 5.Nc3 g6 6.Be3 Bg7 7.f3 O-O 8.Bc4 
Nc6 9.Qe2 Na5 10.Bd3 e5 11.Nb3 Be6 12.O-O a6 13.Qf2 Nd7 14.Rfd1 b5 15.Nxa5
Qxa5 16.Bf1 Rfc8 17.a4 b4 18.Nd5 Bxd5 19.Rxd5 Qc7 20.a5 Nf8 21.Qd2 Ne6 22.
Rxd6 Nd4 23.Rxa6 Rab8 24.Bd3 Rd8 25.Rb6 b3 26.Bxd4 exd4 27.Rxb3 Rxb3 28.
cxb3 Bf8 29.b4 1-0

[Event "2nd GMA World Cup prel  #3"]
[Site "Palma de Mallorca"]
[Date "1989.??.??"]
[Round "9"]
[White "Dolmatov, Sergei"]
[Black "Campora, Daniel Hugo"]
[Result "1/2-1/2"]
[WhiteElo "2615"]
[BlackElo "2495"]
[EventDate "1989.12.??"]
[PlyCount "78"]

1.e4 e5 2.Nf3 Nc6 3.Bb5 a6 4.Ba4 Nf6 5.O-O Be7 6.Re1 b5 7.Bb3 d6 8.c3 O-O 
9.h3 Nb8 10.d4 Nbd7 11.Nbd2 Bb7 12.Bc2 Re8 13.Nf1 Bf8 14.Ng3 g6 15.a4 c5 
16.d5 c4 17.Bg5 h6 18.Be3 Nc5 19.Qd2 h5 20.Bg5 Be7 21.Bh6 Nh7 22.Qe3 Bf6 
23.Rf1 Qe7 24.Nd2 Bg5 25.Bxg5 Qxg5 26.Qxg5 Nxg5 27.f4 exf4 28.Rxf4 Re7 29.
Kh2 Rb8 30.axb5 axb5 31.Ne2 Rbe8 32.Nd4 Ngxe4 33.Nxe4 Nxe4 34.Rxe4 Rxe4 
35.Bxe4 Rxe4 36.Nxb5 Bxd5 37.Rd1 Re5 38.Nxd6 Be6 39.Rd4 Rc5 1/2-1/2

[Event "2nd GMA World Cup prel  #3"]
[Site "Palma de Mallorca"]
[Date "1989.??.??"]
[Round "9"]
[White "Cvitan, Ognjen"]
[Black "Chandler, Murray Graham"]
[Result "1-0"]
[WhiteElo "2515"]
[BlackElo "2585"]
[EventDate "1989.12.??"]
[PlyCount "77"]

1.d4 f5 2.Nf3 Nf6 3.g3 e6 4.Bg2 d5 5.O-O Bd6 6.c4 c6 7.b3 Qe7 8.Nbd2 b6 9.
Bb2 Bb7 10.Ne5 O-O 11.Rc1 Na6 12.e3 Rac8 13.Qe2 c5 14.Rfd1 Ne4 15.Nd3 Nc7 
16.f3 Ng5 17.dxc5 Bxc5 18.Nxc5 bxc5 19.f4 Nf7 20.Nb1 Rfd8 21.Qc2 Ne8 22.
cxd5 exd5 23.Qxf5 Qxe3+ 24.Kh1 Ned6 25.Qg4 d4 26.Bxb7 Nxb7 27.Bxd4 cxd4 
28.Rxc8 Nh6 29.Rxd8+ Nxd8 30.Qh5 g6 31.Qd5+ Ne6 32.Nd2 Ng4 33.Rf1 h5 34.
Ne4 Qe2 35.Qxe6+ Kf8 36.Qd6+ Ke8 37.Qc6+ Kf8 38.Qc5+ Ke8 39.Qb5+ 1-0

[Event "2nd GMA World Cup prel  #3"]
[Site "Palma de Mallorca"]
[Date "1989.??.??"]
[Round "9"]
[White "Groszpeter, Attila"]
[Black "Dorfman, Iosif"]
[Result "1-0"]
[WhiteElo "2515"]
[BlackElo "2585"]
[EventDate "1989.12.??"]
[PlyCount "87"]

1.d4 d6 2.Nf3 g6 3.c4 Bg7 4.Nc3 Bg4 5.g3 Bxf3 6.exf3 c6 7.Qb3 Qc7 8.Be3 
Nf6 9.Bg2 O-O 10.O-O Nbd7 11.Rfe1 Rfe8 12.Rad1 a6 13.c5 d5 14.Bf4 e5 15.
dxe5 Nh5 16.e6 Nxf4 17.exd7 Rxe1+ 18.Rxe1 Ne6 19.Na4 Rf8 20.Qa3 Qxd7 21.b4
Nd4 22.Qd3 Re8 23.Re3 Re7 24.Nb6 Qe8 25.Bh3 f5 26.f4 Bf6 27.Bg2 Kg7 28.a4 
h5 29.h4 Re4 30.Kf1 Qe6 31.a5 Kh6 32.Qd2 Nb5 33.Bxe4 fxe4 34.f5 Qf7 35.
Rxe4+ Kg7 36.Re6 gxf5 37.Qe3 d4 38.Qe1 d3 39.Re3 Qb3 40.Qd2 Kg6 41.Qxd3 
Qxb4 42.Qd7 Nd4 43.Qe8+ Kh6 44.Qf7 1-0

[Event "2nd GMA World Cup prel  #3"]
[Site "Palma de Mallorca"]
[Date "1989.??.??"]
[Round "9"]
[White "Kovacevic, Vladimir"]
[Black "Spraggett, Kevin"]
[Result "0-1"]
[WhiteElo "2515"]
[BlackElo "2585"]
[EventDate "1989.12.??"]
[PlyCount "72"]

1.d4 d6 2.c4 Nd7 3.Nc3 Ngf6 4.g3 g6 5.Bg2 Bg7 6.e3 O-O 7.Nge2 e5 8.b3 Re8 
9.Bb2 c6 10.h3 Qe7 11.O-O Nf8 12.Qd2 e4 13.g4 h6 14.Ng3 d5 15.cxd5 cxd5 
16.a4 a6 17.Ba3 Qd8 18.f4 exf3 19.Rxf3 N8h7 20.Raf1 Be6 21.R3f2 Ng5 22.Qd3
Rc8 23.Rc1 Rc6 24.Rfc2 Bd7 25.Nf1 Bc8 26.Ne2 Rxc2 27.Qxc2 h5 28.h4 Ne6 29.
g5 Ng4 30.Qd3 Kh7 31.Bf3 Nxg5 32.hxg5 Qxg5 33.Bg2 Nxe3 34.Nxe3 Rxe3 35.Qd2
Bh3 36.Nf4 Qxf4 0-1

[Event "2nd GMA World Cup prel  #3"]
[Site "Palma de Mallorca"]
[Date "1989.??.??"]
[Round "9"]
[White "Miles, Anthony John"]
[Black "Romanishin, Oleg"]
[Result "1-0"]
[WhiteElo "2580"]
[BlackElo "2515"]
[EventDate "1989.12.??"]
[PlyCount "85"]

1.c4 e5 2.Nc3 Nf6 3.Nf3 Nc6 4.g3 d5 5.cxd5 Nxd5 6.Bg2 Nb6 7.a3 Be6 8.d3 
Be7 9.O-O O-O 10.b4 a5 11.b5 Nd4 12.Nd2 c6 13.a4 Nd5 14.Nxd5 Bxd5 15.Bxd5 
cxd5 16.Bb2 Ne6 17.Bxe5 d4 18.Qb3 Qd7 19.f4 Rad8 20.Nf3 g6 21.Rac1 Qd5 22.
Qxd5 Rxd5 23.Rc4 Bc5 24.Bf6 Re8 25.Nd2 b6 26.Ne4 Nf8 27.g4 Nd7 28.g5 Re6 
29.Kg2 h5 30.Rfc1 Kf8 31.R1c2 Re8 32.Kg3 Re6 33.Nxc5 bxc5 34.Bd8 Re3+ 35.
Kg2 Rf5 36.Bxa5 Rxf4 37.Bc7 Rg4+ 38.Kf2 Rxg5 39.b6 Rf5+ 40.Ke1 Re8 41.b7 
Ke7 42.a5 Rf6 43.Rxc5 1-0

[Event "2nd GMA World Cup prel  #3"]
[Site "Palma de Mallorca"]
[Date "1989.??.??"]
[Round "9"]
[White "Ruban, Vadim"]
[Black "Chernin, Alexander"]
[Result "1/2-1/2"]
[WhiteElo "2515"]
[BlackElo "2580"]
[EventDate "1989.12.??"]
[PlyCount "38"]

1.d4 Nf6 2.c4 e6 3.Nf3 b6 4.g3 Ba6 5.b3 Bb4+ 6.Bd2 Be7 7.Bg2 c6 8.O-O d5 
9.Bc3 Nbd7 10.Nbd2 O-O 11.Re1 c5 12.e4 dxe4 13.Nxe4 Bb7 14.Nfg5 cxd4 15.
Bxd4 Qc7 16.Nxf6+ Bxf6 17.Bxb7 Qxb7 18.Bxf6 Nxf6 19.Qf3 Qc7 1/2-1/2

[Event "2nd GMA World Cup prel  #3"]
[Site "Palma de Mallorca"]
[Date "1989.??.??"]
[Round "9"]
[White "Psakhis, Lev"]
[Black "Illescas Cordoba, Miguel"]
[Result "1/2-1/2"]
[WhiteElo "2565"]
[BlackElo "2510"]
[EventDate "1989.12.??"]
[PlyCount "82"]

1.d4 d5 2.Nf3 Nf6 3.c4 e6 4.Nc3 Bb4 5.g3 dxc4 6.Bg2 O-O 7.O-O Nbd7 8.Qc2 
Rb8 9.e4 h6 10.Bf4 b5 11.a4 a6 12.axb5 axb5 13.d5 Bxc3 14.bxc3 exd5 15.Nd4
Nxe4 16.Nc6 Qf6 17.Nxb8 Nxb8 18.Bxe4 dxe4 19.Qxe4 Nd7 20.Bxc7 Nc5 21.Qf4 
Qc6 22.Qd6 Qf3 23.Qf4 Qb7 24.Bd6 Bh3 25.f3 Nd3 26.Qe3 Rd8 27.Ra7 Qd5 28.
Bc7 Ra8 29.Rfa1 Rxa7 30.Qxa7 Qxf3 31.Qa8+ Qxa8 32.Rxa8+ Kh7 33.Ra2 Kg6 34.
Bd6 Kf5 35.Bf8 g6 36.Ra5 h5 37.Rxb5+ Ke4 38.Bg7 Kf3 39.Bh6 Ke2 40.Ra5 Be6 
41.Ra2+ Kf3 1/2-1/2

[Event "2nd GMA World Cup prel  #3"]
[Site "Palma de Mallorca"]
[Date "1989.??.??"]
[Round "9"]
[White "Watson, William"]
[Black "Tukmakov, Vladimir"]
[Result "0-1"]
[WhiteElo "2495"]
[BlackElo "2565"]
[EventDate "1989.12.??"]
[PlyCount "78"]

1.e4 c5 2.Nf3 d6 3.d4 cxd4 4.Nxd4 Nf6 5.Nc3 Nc6 6.Bg5 e6 7.Qd2 a6 8.O-O-O 
h6 9.Be3 Be7 10.f3 Nxd4 11.Bxd4 b5 12.Qf2 Bb7 13.g4 O-O 14.h4 Nd7 15.g5 h5
16.Bd3 Rc8 17.g6 fxg6 18.Qg3 Qe8 19.Rhg1 Nc5 20.Kb1 b4 21.Bxc5 dxc5 22.Nd5
exd5 23.exd5 Rf6 24.d6 Bxd6 25.Bc4+ Kh7 26.Rxd6 Rxd6 27.Qxd6 Bxf3 28.Bd3 
Bg4 29.Qxa6 Rc6 30.Qc4 Qe3 31.Rc1 Rf6 32.b3 Bf5 33.Bxf5 Rxf5 34.Rd1 Rf4 
35.Qa6 Rxh4 36.a4 c4 37.bxc4 b3 38.Rd3 Rh1+ 39.Kb2 Qe5+ 0-1

[Event "2nd GMA World Cup prel  #3"]
[Site "Palma de Mallorca"]
[Date "1989.??.??"]
[Round "9"]
[White "Malaniuk, Vladimir"]
[Black "King, Daniel John"]
[Result "1/2-1/2"]
[WhiteElo "2560"]
[BlackElo "2495"]
[EventDate "1989.12.??"]
[PlyCount "58"]

1.d4 e6 2.e4 d5 3.exd5 exd5 4.Bd3 Nc6 5.c3 Bd6 6.Qf3 Nge7 7.Ne2 Be6 8.Bf4 
Ng6 9.Bxd6 Qxd6 10.Nd2 O-O-O 11.O-O-O h5 12.Bxg6 fxg6 13.Qg3 Qxg3 14.hxg3 
g5 15.Rde1 Rde8 16.Nf1 Nd8 17.Ne3 Nf7 18.Kd2 Nd6 19.f3 Nf5 20.Nxf5 Bxf5 
21.Nc1 g6 22.Nd3 Bxd3 23.Kxd3 Kd7 24.f4 gxf4 25.gxf4 Rhf8 26.Rxe8 Rxe8 27.
f5 gxf5 28.Rxh5 Rg8 29.Rxf5 Rg3+ 1/2-1/2

[Event "2nd GMA World Cup prel  #3"]
[Site "Palma de Mallorca"]
[Date "1989.??.??"]
[Round "9"]
[White "Kuzmin, Gennady"]
[Black "Vaiser, Anatoly"]
[Result "1/2-1/2"]
[WhiteElo "2495"]
[BlackElo "2555"]
[EventDate "1989.12.??"]
[PlyCount "21"]

1.d4 Nf6 2.c4 e6 3.Nf3 d5 4.Nc3 Be7 5.Bg5 O-O 6.e3 Nbd7 7.cxd5 exd5 8.Bd3 
Re8 9.O-O Nf8 10.Qc2 c6 11.a3 1/2-1/2

[Event "2nd GMA World Cup prel  #3"]
[Site "Palma de Mallorca"]
[Date "1989.??.??"]
[Round "9"]
[White "Milos, Gilberto"]
[Black "Balashov, Yury"]
[Result "1/2-1/2"]
[WhiteElo "2510"]
[BlackElo "2535"]
[EventDate "1989.12.??"]
[PlyCount "120"]

1.c4 e5 2.g3 Nc6 3.Bg2 g6 4.Nc3 Bg7 5.Nf3 d6 6.O-O Nge7 7.Rb1 O-O 8.b4 a6 
9.a4 Nd4 10.Nxd4 exd4 11.Nd5 Nxd5 12.cxd5 Re8 13.Re1 h5 14.e4 dxe3 15.dxe3
Bf5 16.e4 Bd7 17.h4 Qe7 18.a5 c6 19.Bf4 Rad8 20.Qd2 cxd5 21.exd5 Qf6 22.
Rxe8+ Rxe8 23.Re1 Rxe1+ 24.Qxe1 Bf8 25.Qe3 Qd8 26.Qa7 Bc8 27.Qb8 Qd7 28.
Bg5 Kh7 29.Bf4 Be7 30.Bf1 Kg7 31.Qa7 Qd8 32.Bd2 Bf6 33.Bf4 Be7 34.Qd4+ Bf6
35.Qe3 Qe7 36.Qd2 Bg4 37.Bg2 Bd7 38.Kh2 Bb5 39.Bh3 Bd7 40.Bg2 Kh7 41.Bf3 
Be5 42.Qe3 f6 43.Bxe5 fxe5 44.Qa7 Bf5 45.b5 Bd3 46.bxa6 Bxa6 47.Be4 Qf7 
48.Qe3 Bc4 49.Qd2 Bb5 50.f3 Qe7 51.Qg5 Qxg5 52.hxg5 Kg7 53.Kg2 Kf7 54.Kf2 
Bc4 55.Ke3 Kg7 56.f4 exf4+ 57.Kxf4 Kf7 58.Ke3 Bb5 59.Kd4 Kg7 60.Bd3 Ba6 
1/2-1/2

[Event "2nd GMA World Cup prel  #3"]
[Site "Palma de Mallorca"]
[Date "1989.??.??"]
[Round "9"]
[White "Vladimirov, Evgeny"]
[Black "Georgiev, Krum"]
[Result "1/2-1/2"]
[WhiteElo "2565"]
[BlackElo "2480"]
[EventDate "1989.12.??"]
[PlyCount "68"]

1.d4 Nf6 2.Nf3 g6 3.g3 Bg7 4.Bg2 O-O 5.c4 d6 6.O-O c6 7.Nc3 a6 8.a4 a5 9.
e4 Nfd7 10.Be3 Na6 11.Qd2 Re8 12.b3 e5 13.Rab1 Nf8 14.dxe5 dxe5 15.Qxd8 
Rxd8 16.Bb6 Rd3 17.Bxa5 Nc5 18.Ne1 Rxa5 19.Nxd3 Nxd3 20.b4 Ra7 21.Rfd1 Nf4
22.gxf4 exf4 23.Rdc1 Be6 24.c5 Bxc3 25.Rxc3 Rxa4 26.Bh3 Bxh3 27.Rxh3 Nd7 
28.Rd3 Ne5 29.Rd8+ Kg7 30.Rb8 Nf3+ 31.Kg2 Nd2 32.Rb2 Nc4 33.Rb3 Nd2 34.Rb2
Nc4 1/2-1/2

[Event "2nd GMA World Cup prel  #3"]
[Site "Palma de Mallorca"]
[Date "1989.??.??"]
[Round "9"]
[White "Knaak, Rainer"]
[Black "Razuvaev, Yury"]
[Result "0-1"]
[WhiteElo "2485"]
[BlackElo "2545"]
[EventDate "1989.12.??"]
[PlyCount "80"]

1.d4 Nf6 2.c4 e6 3.Nc3 Bb4 4.e3 c5 5.Ne2 d5 6.a3 Bxc3+ 7.Nxc3 cxd4 8.exd4 
dxc4 9.Bxc4 Nc6 10.Be3 O-O 11.O-O b6 12.Qd3 Bb7 13.Rad1 h6 14.Bf4 Ne7 15.
Ba2 Ng6 16.Be5 Nxe5 17.dxe5 Qxd3 18.Rxd3 Ba6 19.Rg3 Nh5 20.Rf3 Bxf1 21.
Kxf1 g5 22.Bb1 Rac8 23.g3 Rfd8 24.Ke2 Rc5 25.Re3 Kf8 26.b4 Rc4 27.Nb5 Rc1 
28.Be4 Rd7 29.Nd6 Ke7 30.Rf3 f6 31.Bg6 g4 32.Rd3 fxe5 33.Bxh5 Rxd6 34.Re3 
Rc2+ 35.Ke1 Rc4 36.Rxe5 Kf6 37.Re3 Rd5 38.Be8 Rc1+ 39.Ke2 Rc2+ 40.Ke1 Re5 
0-1

[Event "2nd GMA World Cup prel  #3"]
[Site "Palma de Mallorca"]
[Date "1989.??.??"]
[Round "9"]
[White "Van der Wiel, John"]
[Black "Gligoric, Svetozar"]
[Result "1-0"]
[WhiteElo "2545"]
[BlackElo "2485"]
[EventDate "1989.12.??"]
[PlyCount "89"]

1.e4 e5 2.Nf3 Nc6 3.Bb5 a6 4.Ba4 Nf6 5.O-O Be7 6.Re1 b5 7.Bb3 d6 8.c3 O-O 
9.h3 Bb7 10.d4 Re8 11.Ng5 Rf8 12.Nf3 Re8 13.Nbd2 Bf8 14.a4 h6 15.Bc2 exd4 
16.cxd4 Nb4 17.Bb1 c5 18.d5 Nd7 19.Ra3 c4 20.axb5 axb5 21.Nd4 Rxa3 22.bxa3
Nd3 23.Bxd3 cxd3 24.Re3 Nc5 25.Bb2 Qa5 26.Rg3 Bc8 27.Nc6 Qa4 28.Qa1 g6 29.
Nb4 Bd7 30.Qc1 Bg7 31.Bxg7 Kxg7 32.Nxd3 Nxe4 33.Nxe4 Rxe4 34.Qc7 b4 35.
axb4 Bb5 36.Rf3 Be8 37.Qxd6 Qa1+ 38.Kh2 h5 39.Re3 Rxe3 40.fxe3 Bb5 41.Nf4 
Qf6 42.Qc5 Bd7 43.b5 h4 44.b6 Qg5 45.Qc3+ 1-0

[Event "2nd GMA World Cup prel  #3"]
[Site "Palma de Mallorca"]
[Date "1989.??.??"]
[Round "9"]
[White "Gavrikov, Viktor"]
[Black "Magerramov, Elmar"]
[Result "1-0"]
[WhiteElo "2555"]
[BlackElo "2470"]
[EventDate "1989.12.??"]
[PlyCount "81"]

1.d4 Nf6 2.c4 e6 3.Nc3 Bb4 4.Qc2 c5 5.dxc5 O-O 6.a3 Bxc5 7.Nf3 d5 8.cxd5 
exd5 9.Bg5 Re8 10.e3 Bg4 11.Be2 Nbd7 12.Nxd5 Rc8 13.Nc3 h6 14.Bxf6 Nxf6 
15.O-O Qe7 16.Rfd1 Bxe3 17.Bb5 Bxf3 18.gxf3 Bf4 19.Bxe8 Rxe8 20.Re1 Qc5 
21.Rxe8+ Nxe8 22.Qa4 Qg5+ 23.Kf1 Nc7 24.Qxa7 Bxh2 25.Rd1 Ne6 26.Nd5 Qh4 
27.Qxb7 Bd6 28.Qc8+ Bf8 29.b4 Qh3+ 30.Ke1 Qxf3 31.Qc3 Qh5 32.Qe3 Ng5 33.
Kd2 Qg6 34.Kc3 Qa6 35.Kb3 Ne6 36.a4 Qb7 37.Qb6 Qc8 38.a5 Ng5 39.a6 Ne4 40.
a7 Qg4 41.Qd4 1-0

[Event "2nd GMA World Cup prel  #3"]
[Site "Palma de Mallorca"]
[Date "1989.??.??"]
[Round "9"]
[White "Zapata, Alonso"]
[Black "Csom, Istvan"]
[Result "0-1"]
[WhiteElo "2490"]
[BlackElo "2530"]
[EventDate "1989.12.??"]
[PlyCount "75"]

1.e4 c5 2.Nf3 d6 3.d4 cxd4 4.Nxd4 Nf6 5.Nc3 Nc6 6.Bg5 Bd7 7.Qd2 Nxd4 8.
Qxd4 Qa5 9.f4 e6 10.O-O-O Be7 11.Bc4 Bc6 12.Rhe1 h6 13.Bh4 Qh5 14.Bg3 O-O 
15.f5 exf5 16.exf5 Rfe8 17.Bd3 a6 18.Bh4 Bd8 19.Rf1 Bb6 20.Qxb6 Qxh4 21.
Kb1 Bxg2 22.Rg1 Bc6 23.a3 Re7 24.Ne2 Bf3 25.Qxd6 Rae8 26.Nc3 Bxd1 27.Rxd1 
Rd7 28.Qc5 Qxh2 29.Ka2 h5 30.Qb4 Qf2 31.Rf1 Qd4 32.Qb3 Re3 33.Ne2 Qe5 34.
Nc3 Qg3 35.Qb6 Re5 36.Qb3 h4 37.Ne2 Qg4 38.Rg1 0-1

[Event "2nd GMA World Cup prel  #3"]
[Site "Palma de Mallorca"]
[Date "1989.??.??"]
[Round "9"]
[White "Bagirov, Vladimir"]
[Black "Vyzhmanavin, Alexei"]
[Result "0-1"]
[WhiteElo "2460"]
[BlackElo "2555"]
[EventDate "1989.12.??"]
[PlyCount "127"]

1.d4 Nf6 2.c4 e6 3.Nc3 Bb4 4.Qc2 O-O 5.a3 Bxc3+ 6.Qxc3 b6 7.Bg5 Bb7 8.f3 
c5 9.dxc5 bxc5 10.e3 Nc6 11.Nh3 h6 12.Bh4 Qe7 13.Be2 Rfd8 14.O-O g5 15.Bf2
d5 16.cxd5 exd5 17.Rfc1 c4 18.Rc2 Rac8 19.Rd1 Ba6 20.Rcd2 Bb5 21.Re1 Qe6 
22.Bf1 Ne5 23.Bg3 Nc6 24.Nf2 d4 25.Rxd4 Nxd4 26.exd4 Qb6 27.Nd1 Ba4 28.Ne3
Nd5 29.Nxd5 Rxd5 30.Bf2 Qb3 31.Rc1 Qxc3 32.Rxc3 Bb3 33.h4 Kg7 34.hxg5 hxg5
35.Re3 Kg6 36.Rc3 Rb8 37.g4 Ba2 38.Rc2 Rdb5 39.Bxc4 Bxc4 40.Rxc4 Rxb2 41.
d5 Rd2 42.Rd4 Rb1+ 43.Kg2 Rbb2 44.Rxd2 Rxd2 45.Kg3 a6 46.Bb6 Rxd5 47.Kf2 
Rb5 48.Bd8 Rb2+ 49.Kg3 Rd2 50.Bb6 Ra2 51.Bc5 Rc2 52.Bb6 f5 53.gxf5+ Kxf5 
54.Ba5 Ra2 55.Bb4 Rb2 56.Bf8 a5 57.Be7 a4 58.Bf8 Rd2 59.Bb4 Rd3 60.Kf2 Kf4
61.Kg2 Rxf3 62.Bd2+ Ke4 63.Bxg5 Rxa3 64.Kf2 0-1

[Event "2nd GMA World Cup prel  #3"]
[Site "Palma de Mallorca"]
[Date "1989.??.??"]
[Round "9"]
[White "Velimirovic, Dragoljub"]
[Black "Wojtkiewicz, Aleksander"]
[Result "1-0"]
[WhiteElo "2535"]
[BlackElo "2475"]
[EventDate "1989.12.??"]
[PlyCount "43"]

1.e4 c5 2.Nf3 d6 3.d4 cxd4 4.Nxd4 Nf6 5.Nc3 a6 6.Bc4 e6 7.Bb3 Nbd7 8.f4 
Nc5 9.Be3 Be7 10.e5 dxe5 11.fxe5 Nfd7 12.Qh5 g6 13.Qe2 Nxe5 14.O-O-O Qc7 
15.Bh6 Nc6 16.Nxc6 Qxc6 17.Rhe1 Qc7 18.Kb1 b5 19.Nd5 exd5 20.Bxd5 Ra7 21.
Qf3 f5 22.Qc3 1-0

[Event "2nd GMA World Cup prel  #3"]
[Site "Palma de Mallorca"]
[Date "1989.??.??"]
[Round "9"]
[White "Gruenfeld, Yehuda"]
[Black "Mikhalchishin, Adrian"]
[Result "1-0"]
[WhiteElo "2530"]
[BlackElo "2475"]
[EventDate "1989.12.??"]
[PlyCount "87"]

1.e4 e5 2.Nf3 Nf6 3.d4 Nxe4 4.Bd3 d5 5.Nxe5 Nd7 6.Nxd7 Bxd7 7.O-O Qh4 8.c4
O-O-O 9.c5 g5 10.Nc3 Nf6 11.Qf3 Bg7 12.Bf5 Kb8 13.g3 Qxd4 14.Bxg5 Qe5 15.
Bxd7 Rxd7 16.h4 Ne4 17.Bf4 Qe6 18.Rfe1 f5 19.Nb5 a6 20.a4 Be5 21.Ra3 d4 
22.b4 Rg8 23.Rd3 Bxf4 24.Qxf4 Nxg3 25.Qxc7+ Rxc7 26.Rxe6 Ne4+ 27.Kf1 axb5 
28.axb5 Rd7 29.b6 Nc3 30.Ke1 Kc8 31.Re5 f4 32.Kd2 Rf8 33.Kc2 f3 34.Kb3 Rf4
35.h5 Rd5 36.Re7 Rd7 37.Re6 Ne4 38.Kc4 Rd8 39.Re7 Nxf2 40.Ra3 d3+ 41.Kb5 
Kb8 42.Rxb7+ Kxb7 43.c6+ Kb8 44.c7+ 1-0